Pokémon - Les attaques de Larveyette - Statistiques

Statistiques générales
  • Ce quiz a été pris 14 fois
    12 depuis la dernière actualisation
  • Le résultat moyen est 5 sur 9
Statistiques - réponses
Niveaux Types Noms des attaques % Correct
Départ Normal Charge
100%
Départ Insecte Sécrétion
100%
Niveau 8 Insecte Piqûre
78%
Niveau 22 Insecte Survinsecte
67%
Niveau 15 Plante Tranch'Herbe
56%
Niveau 36 Insecte Bourdon
44%
Niveau 31 Insecte Toile Gluante
33%
Niveau 43 Normal Gigotage
22%
Niveau 29 Normal Ténacité
22%
Aucun quiz correspondant
Distribution des résultats
% des personnes avec chaque résultat
Percentile par nombre de réponses
Votre historique - résultats
Vous n’avez pas pris ce quiz depuis la dernière actualisation